000 00205 a2200097 4500
001 59969
100 _a
245 _aTalaash
260 _aLahore
_bAl-Faisal Nashran
_c2008
090 _c36808
_d36808
942 _aNUST-CAE
_cMONOGRAPH
_c29789
999 _c295042
_d295042